MDQL
is popping MORE tags! Check the
thread
!
Quizzes
Events
Quiz Creation
Community
Videos
Private Events
Remove Ads
Sign In
Join for FREE
Feedback
Dark Mode
Quiz Categories
Sports
Geography
Music
Movies
Television
Just For Fun
Miscellaneous
History
Literature
Language
Science
Gaming
Entertainment
Religion
Holiday
For Kids
Quiz Lab
Recent
Popular Today
Quiz Kudos Today
Editor Picks
Curator Picks
Quizzes by...
Day
Popularity
Type
Ratings
Length
Year
Community
Subscriptions
Recent Discussions
Orange Saloon
Badges
Playlists
Quests
Create
Leaderboards
Showdown
Live 5
Trivia Bingo
Activity
Puzzle Library
Sporcle Events
Private Events
Virtual Trivia
Globe League
Become a Host
Pub Owners
SporcleCon
Opinionation
Our Games
Videos
Blog
Mobile Apps
Partnerships
Remove Ads and Go Orange
Feedback
Sports
Athletes
MLB
NBA
NHL
NFL
Soccer
Sports Teams
WWE
NCAA
Football
Premier League
Basketball
Baseball
Hockey
Golf
Tennis
Cricket
Rugby
Auto Racing
Olympics
World Cup
Sports
Athletes
MLB
NBA
NHL
NFL
Soccer
Sports Teams
WWE
NCAA
Football
Premier League
Basketball
Baseball
Hockey
Golf
Tennis
Cricket
Rugby
Auto Racing
Olympics
World Cup
Random Quiz
Search Sporcle
×
Quiz Lab
Quiz Lab
Sports
Premier League
Type in answers that appear in a list
Type in answers that appear in a list
Classic
Best Score? Go Orange.
Premier League - Last 5 Captains Stats
Can you name the Premier League - Last 5 Captains
By
indiekid
15m
100 Questions
288 Plays
288 Plays
288 Plays
Comments
Comments
Give Quiz Kudos
Give Quiz Kudos
-
- Ratings
hide this ad
More Info
Replay
Link that replays current quiz
Next Quiz
Link to next quiz in quiz playlist
You Got
0%
They Got
Avg Score
34%
Avg Friend Score
Upgrade to see
Score Distribution
Jump to the score distribution portion of the page
Score
0/100
Timer
15:00
0
Plays Today
Answer
% Correct
John Terry
90.6%
Steven Gerrard
90.3%
Wayne Rooney
87.8%
Vincent Kompany
83.7%
Nemanja Vidic
83.7%
Roy Keane
81.9%
Phil Neville
76%
Gary Neville
76%
Mikel Arteta
74.7%
Cesc Fabregas
74.3%
Phil Jagielka
71.5%
Andy Dawson
70.1%
Michael Dawson
70.1%
Robin Van Persie
69.4%
Ledley King
69.1%
Kevin Nolan
66.7%
Ryan Shawcross
66.7%
Kevin Nolan
66.7%
Sami Hyypia
63.9%
Alan Shearer
63.9%
Ashley Williams
63.2%
Fabricio Coloccini
58.3%
Richard Dunne
56.9%
Gareth Barry
56.3%
Thomas Vermaelen
55.9%
Dennis Wise
55.9%
John O'Shea
54.9%
Joey Barton
54.5%
Eric Cantona
52.8%
Wes Morgan
52.4%
William Gallas
49%
Marcel Desailly
49%
Mike Jedinak
49%
Ron Vlaar
48.6%
Answer
% Correct
Curtis Davies
48.6%
Kevin Campbell
48.6%
Kolo Toure
47.9%
Chris Brunt
47.9%
Adam Lallana
46.2%
Lee Cattermole
44.8%
Paul Ince
43.4%
Jamie Redknapp
42.4%
Jamie Redknapp
42.4%
Kelvin Davis
42%
Kelvin Davis
42%
Stiliyan Petrov
36.5%
John Barnes
35.8%
Clint Hill
35.8%
Scott Parker
35.1%
Garry Monk
34.7%
Duncan Ferguson
33.7%
Sylvain Distin
31.9%
Carl Fletcher
30.6%
Carlos Tevez
28.8%
Teddy Sheringham
24.7%
Olof Mellberg
23.6%
David Weir
22.6%
Graham Alexander
21.5%
Martin Laursen
20.1%
Matthew Upson
19.8%
Nicky Butt
18.8%
Tim Sherwood
17.7%
Jason Shackell
16.7%
Alan Stubbs
12.8%
Nigel Reo-Coker
12.8%
Paddy McCarthy
11.1%
Paddy McCarthy
11.1%
Shaun Derry
10.4%
Answer
% Correct
Dean Whitehead
10.1%
Adel Taarabt
9.7%
Ian Ashbee
9%
Andy Townsend
8.7%
Matt Mills
8.7%
Roberto Martinez
8.7%
Lucas Neill
8.7%
Abdoulaye Faye
8.3%
Wayne Thomas
8%
Jonathan Greening
7.6%
Steven Caldwell
7.3%
Robert Koren
7.3%
Steven Caldwell
7.3%
Lorik Cana
6.6%
Scott Carson
6.6%
Chris McCann
5.2%
Andy Griffin
4.5%
Christian Dailly
4.2%
Dean Hammond
3.1%
Michael Svensson
3.1%
Matt Oakley
2.8%
Mark Hudson
2.4%
Dave Clement
2.4%
Stephen Clemence
1.4%
Kristian O'Leary
1.4%
Jack Hobbs
1%
John Eustace
1%
Michael Duberry
1%
Mikele Leigertwood
0.7%
Nick Cusack
0.7%
Peter Nicholas
0.3%
Adam Bolder
0.3%
Quiz Playlist
Details
Report
Send in Message
Add To Playlist
More Info:
Can you name the last 5 official club captains of each Premier League Team?
Classic:
Type in answers that appear in a list
Last Updated: Feb 16, 2017
Quiz Scoreboard
CHALLENGE
Sign Up to Join the Scoreboard
Show All
Scores
Hide
Comments
May contain spoilers
Recently Published
Two Season TV Shows II
by 123Four
Television
10m
Image Sorting: Flags VI
by Barbecue
Geography
2m
Find the 'City' Movie
by crazypaving
Movies
60s
More to Explore
Quiz From the Vault
Featured Blog Post
14 Easter Pick-up Lines to Find Eggs With
hide this ad
You Might Also Like...
Tags
Football Quiz
Premier League Quiz
Soccer Quiz
captain
English Soccer
Team Captains
Today's Top Quizzes in Sports
Browse Sports
hide this ad
Today's Top Quizzes in Premier League
Browse Premier League
Top Contributed Quizzes in Sports
1
Les meilleurs buteurs des matchs entre le PSG et l’OM
2
Les entraîneurs de l'OM et du PSG au 21e siècle
3
2022 World Cup Stars
4
Les joueurs passés par le PSG et l'OM
5
Players with Multiple 50 Home Run Seasons
6
FIFA Club World Cup Champions
7
Criteria MLB: Left Handed Sluggers
8
Les joueurs passés par le LOSC et le RC Lens
9
Top 10 NHL Goal Scorers of All Time
10
MLB Players with Two .350 Batting Average Seasons
Explore More
Trending Topics
Crossword
NBA
Kpop
Disney
Harry Potter
Anime
Marvel
Song
NFL
Country
WWE
Pokémon
The Office
Soccer
Puzzle
hide this ad
More By:
indiekid
Quiz
Plays
Rating
Category
Featured
Created
Last 375 England Footballers
4,556
5.00
Sports
Aug 30, 2014
Last 370 Arsenal Players
792
4.20
Sports
Aug 19, 2014
Every Arsenal Captain
566
5.00
Sports
Aug 23, 2016
Arsenal All Time Appearances XI
499
4.67
Sports
Sep 22, 2013
UK Members of Parliament A-E
333
5.00
Miscellaneous
Mar 9, 2011
Go to Creator's Profile
Score Distribution
Quiz Creator Spotlight
indiekid
Follow
Send a Message
Quizzes Created
-
Created Quiz Play Count
-
More By This Creator
Popular Quizzes Today
1
Find the US States - No Outlines Minefield
2
Colored Red Africa Blitz
3
Find the 'City' Movie
4
5x2 Blitz: Bands
5
The Countries of the World
6
Find the Countries of Europe - No Outlines Minefield
7
Find the US States
8
US States
More Sports Quizzes
MLB Expansion MVPs and Cy Youngs
Curator's Pick
Trending Quizzes
Colored Red Europe Blitz I
Colored Red Africa Blitz II
Colored Red Europe Blitz II
Colored Red Africa Blitz III
Colored Red Europe Blitz III
Recently Updated
How Do You Spell That?
pecheneg
Godzilla Movies
pecheneg
Grab Bag: 4-10 Letters
pecheneg
2024 March Madness Bracket
pecheneg
Famous TV Couples
Peacemaker
Champions League XIs: Real Madrid
pecheneg
Largest US Cities 1790-2010
pecheneg
Rides in Walt Disney World
pecheneg
Most Oscar Losses (Acting)
pecheneg
Beyoncé Albums
pecheneg
Trending Topics
Harry Potter
NBA
Crossword
Anime
Marvel
Kpop
Disney
The Office
WWE
Country
Puzzle
Pokémon
Soccer
Song
NFL
Your Account Isn't Verified!
In order to create a playlist on Sporcle, you need to verify the email address you used during registration. Go to your
Sporcle Settings
to finish the process.
Report this User
Report this user for behavior that violates our
Community Guidelines
.
Details:
Send Report
Go to the Sporcle.com Mobile Site →
Comments